| 000 | 00000nam##2200000za#4500 |
| 001 | 9.700342 |
| 003 | CaOODSP |
| 005 | 20240703102706 |
| 007 | cr ||||||||||| |
| 008 | 150407|1999||||xxc|||||o f|0| 0 eng|d |
| 040 | |aCaOODSP|beng |
| 043 | |an-cn--- |
| 086 | 1 |aA22-195/1999E-PDF |
| 110 | 2 |aCanadian Food Inspection Agency. |
| 245 | 10|aY2K and the agriculture and agri-food industry |h[electronic resource] |
| 260 | |aOttawa - Ontario : |bCanadian Food Inspection Agency |c1999. |
| 300 | |a8p. |
| 500 | |aHistorical publication digitized by Agriculture and Agri-Food Canada. |
| 590 | |a15-02-Supp|b2015-02-16 |
| 690 | 07|aEmergency preparedness|2gcpds |
| 690 | 07|aAgri-food industry|2gcpds |
| 690 | 07|aAgricultural technology|2gcpds |
| 775 | 08|tL'industrie agricole et agroalimentaire et le bogue de l'an 2000 |w(CaOODSP)9.644238 |
| 856 | 40|ahttp://publications.gc.ca|qPDF|s444 KB|uhttps://publications.gc.ca/collections/collection_2015/aac-aafc/A22-195-1999-eng.pdf |
| 986 | |aPublication 2009/E |